| 000 | 00524nam a2200181Ia 4500 | ||
|---|---|---|---|
| 005 | 20250508162058.0 | ||
| 008 | 008 250505s9999 xx 000 0 eng d | ||
| 037 | _aTextual | ||
| 040 |
_aFEDL _beng _cFEDL |
||
| 041 |
_aeng _2eng |
||
| 084 |
_a153.733, KEE _qFEDL |
||
| 100 |
_aKeele Steven W. _9772240 |
||
| 245 | 0 | _aAttention and human performance | |
| 260 |
_aCalifornia, USA _bGoodyear Publishing Company _c1973 |
||
| 300 | _aviii,183p. | ||
| 942 |
_cTEXL _h153.733, KEE |
||
| 999 |
_c1374249 _d1374249 |
||